Globalizácia a jej vplyv na rozširovanie integračných zoskupení v EÚ

Salvato in:
Dettagli Bibliografici
Autore principale: Ivanová, Pavlína
Natura: Capitolo di libro
Lingua:slovacco
Tags: Aggiungi Tag
Nessun Tag, puoi essere il primo ad aggiungerne!!

MARC

LEADER 00000naa$a2200000$$$4500
001 0061667
005 20240502071707.9
041 0 |a slo 
044 |a SK 
245 1 0 |a Globalizácia a jej vplyv na rozširovanie integračných zoskupení v EÚ  |c Pavlína Ivanová 
100 1 |a Ivanová, Pavlína